000 00634nam a2200193 a 4500
999 _c5727
_d5727
005 20200601122048.0
008 200601b ||||| |||| 00| 0 spa d
040 _aCO-BoIAVH
_cCO-BoIAVH
041 _aeng
082 _a595.789
090 _aLB
_b04983
100 _aEmsley, Michael
_992368
245 _aGeographical distribution of the color - pattern components of Heliconius erato and Heliconius melpomene with genetical evidence for the systematic relationship between the two species
260 _aNew York
_bs.n.
_c1964
300 _a245-286 p.
650 0 _aMariposas
_9103229
942 _cLIBRO
_2ddc
945 _d2007-08-01